| 000 | 02372nam a22003617a 4500 | ||
|---|---|---|---|
| 005 | 20100903160832.0 | ||
| 010 | _aENG-101408 B-428460-464 | ||
| 020 |
_a9788132104612 _c395.00 |
||
| 035 | _aEN-84941 | ||
| 035 | _a B-428460-464 | ||
| 037 | _bDBAD/PUB | ||
| 037 | _bResearchco Book Centre | ||
| 082 | 0 | 0 | _a658.4012 |
| 100 | 1 |
_aSiddiqui, Moid _932561 |
|
| 245 | 1 | 0 |
_aWho will bell the cat? : _c by Moid Siddiqui _ba manager’s toolkit for strategy formation and execution / |
| 260 |
_aNew Delhi _bSAGE Publications _c2010 |
||
| 270 |
_aB1/I-1 Mohan Cooperative In dustrial Area, Mathura Road _bNew Delhi _e110044 |
||
| 300 |
_axiv,182p. _c25cm (pbk) |
||
| 650 | 0 |
_aStrategic planning. _932562 |
|
| 650 | 0 |
_aBusiness planning. _932563 |
|
| 700 |
_aBanerjee, Preeta M. _918024 |
||
| 700 |
_aShastri, Vanita _918176 |
||
| 856 | 4 | 1 |
_3Table of contents only _uhttp://www.loc.gov/catdir/toc/ecip0813/2008011837.html |
| 942 |
_2ddc _cEN _h658.4012 _mSID |
||
| 999 |
_c43675 _d43675 |
||